000 00748nmc a2200301 a 4500
003 AR-BaBNM
005 20251128205345.0
008 187019s1991 ||||||||||||||000 | spa||
020 _a84-7522-159-9
040 _cAR-BaBNM
100 1 _aShakespeare, William
245 1 0 _aSonetos
250 _a2ª ed.
260 _aMadrid
_bVisor
_c1991
300 _a109 p.
490 0 _aVisor de poesía
_vv. 159
650 4 _aLITERATURA INGLESA
650 4 _aESCRITORES
650 4 _aPOESIA
650 4 _aRENACIMIENTO
653 _aINFLUENCIA GRECOLATINA
653 _aSONETO
655 _aLITERATURA
700 1 _aMujica Láinez, Manuel
_ecompilador
700 1 _aVillena, Luis Antonio de
_eprologuista
942 _cBK
998 _cMARTIN
999 _c11078
_d11078